Gaming Quiz

Random Gaming or Board Games Quiz

Monopoly Avenues Quiz Stats

 Plays Quiz Updated Feb 6, 2016

Challenge
Share
Tweet
Embed
Score 0/17 Timer 03:00
0 Plays Today
Property % Correct
Baltic Avenue
82%
Illinois Avenue
78%
Indiana Avenue
77.5%
New York Avenue
76%
Pennsylvania Avenue
74.9%
Kentucky Avenue
74.3%
Connecticut Avenue
71.5%
North Carolina Avenue
68.4%
Tennessee Avenue
67.2%
Property % Correct
Mediterranean Avenue
65.6%
Virginia Avenue
64.9%
Vermont Avenue
63.7%
Oriental Avenue
63.1%
Ventnor Avenue
61.1%
Atlantic Avenue
59.7%
Pacific Avenue
57.3%
States Avenue
47.1%

You're not logged in!

Compare scores with friends on all Sporcle quizzes.
Join for Free
OR
Log In

You Might Also Like...

Show Comments

Extras

Top Quizzes Today


Score Distribution

Your Account Isn't Verified!

In order to create a playlist on Sporcle, you need to verify the email address you used during registration. Go to your Sporcle Settings to finish the process.

Report this User

Report this user for behavior that violates our Community Guidelines.

Details: